| 000 | 00573cam a2200205ua 4500 | ||
|---|---|---|---|
| 020 |
_a81-85312-01-X _c275.00 |
||
| 041 |
_aeng _h |
||
| 082 |
_a028.72628 _bBLA/MA |
||
| 100 | _aBlack, Steve A . | ||
| 245 |
_aManual for land application of treated municipal waste water and sludge / _cSteve A Black. _hTextual Documents |
||
| 250 |
_a1 / _b. |
||
| 260 |
_aJodhpur : _bGeo-Environ Academia , _c1989. |
||
| 300 | _a206 ; . | ||
| 365 | _a275.00 | ||
| 504 | _a | ||
| 700 | 1 | _aGraveland, David N . | |
| 942 | _cBK | ||
| 999 |
_c5550 _d5550 |
||